LEADER 01001nam0 22002291i 450 001 UON00183916 005 20231205103144.694 100 $a20030730d1976 |0itac50 ba 101 $aita 102 $aIT 105 $a|||| 1|||| 200 1 $aCommentario del Codice Civile. Libro Primo - Delle persone e della famiglia$eD elle associazioni non riconosciute e dei comitati. Art. 36-42$fFrancesco Galgan o 210 $aSeconda edizione 215 $aBologna$cZanichelli Editore$dRoma$d23 cm 606 $aCodice Civile$xCommentario$3UONC035145$2FI 700 1$aGalgano$bFrancesco$3UONV099601$0267658 801 $aIT$bSOL$c20250516$gRICA 899 $aSIBA - SISTEMA BIBLIOTECARIO DI ATENEO$2UONSI 912 $aUON00183916 950 $aSIBA - SISTEMA BIBLIOTECARIO DI ATENEO$dSI PRI B 0101/VIII $eSI SC 24068 5 0101/VIII 996 $aCommentario del Codice Civile. Libro Primo - Delle persone e della famiglia$91287350 997 $aUNIOR